Cytológia : Učebnica pre prírodovedecké fakulty /

Salvato in:
Dettagli Bibliografici
Altri autori: Bózner, Anton (Compilatore)
Natura: Libro
Pubblicazione: Martin : Osveta, 1986
Tags: Aggiungi Tag
Nessun Tag, puoi essere il primo ad aggiungerne!!

MARC

LEADER 00000nam a22000003a 4500
001 stu19404
005 20150617225753.8
008 ------s1986----cs----------------------d
040 |a STU  |b slo 
041 0
044 |a cs 
080 |a 576.3  |7 stu_us_auth*stu5869 
100 1 |a Bózner, Anton  |4 com 
245 1 |a Cytológia :  |b Učebnica pre prírodovedecké fakulty /  |c Zostavil Bózner,Anton 
260 |a Martin :  |b Osveta,  |c 1986 
300 |a 257 s :  |b Obr.,tab.,index 
996 |b C77461  |c C*77461  |l CCXV  |s P  |a 0  |w stu19404_0001 
996 |b C77462  |c C*77462  |l CCXV  |s P  |a 0  |w stu19404_0002